Eurovision Song Contest Asia - Participating Countries - Statistics

General Stats
  • This quiz has been taken 30 times
  • The average score is 9 of 10
Answer Stats
Broadcaster Country % Correct
Channel 3 Thailand
100%
VTE9 Laos
96%
ABS-CBN Philippines
96%
PK Inc South Korea
96%
VTV3 Vietnam
96%
TV5 Cambodia
91%
TV3 Malaysia
91%
Himalaya TV Nepal
91%
BBS Bhutan
87%
NTV Bangladesh
83%
No matching quizzes found
Score Distribution
Percent of People with Each Score
Percentile by Number Answered
Your Score History
You have not taken this quiz